| 000 | 00379nam a2200157Ia 4500 | ||
|---|---|---|---|
| 008 | 221030s9999 xx 000 0 und d | ||
| 020 | _a817089417 | ||
| 041 | _aEnglish | ||
| 082 | _a105.23 | ||
| 100 | _aG. T. Swamy | ||
| 245 | 0 |
_aMicroprocessor 8085 Lab Manual _cby G. T. Swamy |
|
| 260 |
_bLaxmi Pub _aNew Delhi _c2006 |
||
| 300 | _a70 | ||
| 650 | _aBE Computer | ||
| 942 | _cBK | ||
| 999 |
_c5505 _d5505 |
||